Survey on training needs in planning and management of forest industries (Record no. 80850)

MARC details
000 -LEADER
fixed length control field 01006nam a2200205 a 4500
008 - FIXED-LENGTH DATA ELEMENTS--GENERAL INFORMATION
fixed length control field 120416s1991 ||||||||||||||||| || u
020 ## - INTERNATIONAL STANDARD BOOK NUMBER
International Standard Book Number 9514754131
050 ## - LIBRARY OF CONGRESS CALL NUMBER
Classification number HD 9750 Sur
110 ## - MAIN ENTRY--CORPORATE NAME
Corporate name or jurisdiction name as entry element National Board of Education
245 10 - TITLE STATEMENT
Title Survey on training needs in planning and management of forest industries
260 ## - PUBLICATION, DISTRIBUTION, ETC.
Place of publication, distribution, etc. Helsinki
Name of publisher, distributor, etc. National Board of Education
Date of publication, distribution, etc. 1991
300 ## - PHYSICAL DESCRIPTION
Extent x, 120p.
350 ## -
-- 0.00
650 ## - SUBJECT ADDED ENTRY--TOPICAL TERM
Topical term or geographic name entry element FORESTRY
650 ## - SUBJECT ADDED ENTRY--TOPICAL TERM
Topical term or geographic name entry element FOREST MANAGEMENT--STANDARDS
650 ## - SUBJECT ADDED ENTRY--TOPICAL TERM
Topical term or geographic name entry element FORESTS AND FORESTRY--MANAGEMENT
995 ## -
-- MAIN LIBRARY OPEN ACCESS
-- 0.00
-- 728814
-- CBU-MAIN LIBRARY (Kitwe)
-- 2
-- 0.00
-- HD 9750 Sur
-- 2
-- AVAILABLE
-- 020472
-- Main Library Open Access Collection
995 ## -
-- MAIN LIBRARY OPEN ACCESS
-- 0.00
-- 728813
-- CBU-MAIN LIBRARY (Kitwe)
-- 3
-- 0.00
-- HD 9750 Sur
-- 3
-- AVAILABLE
-- 020471
-- Main Library Open Access Collection
995 ## -
-- ANNEX COLLECTION (Main Library)
-- 0.00
-- 728812
-- CBU-MAIN LIBRARY (Kitwe)
-- 1
-- 0.00
-- HD 9750 Sur
-- 1
-- AVAILABLE
-- 020470
-- Annex Low-Usage Collection
999 ## -
-- 80850
-- 80850
Holdings
Withdrawn status Lost status Source of classification or shelving scheme Damaged status Not for loan Permanent Location Current Location Shelving location Date acquired Total Checkouts Full call number Barcode Date last seen Copy number Price effective from Koha item type
          CBU-MAIN LIBRARY, KITWE. CBU-MAIN LIBRARY, KITWE.   07/11/2023   HD 9750 Sur 020472 07/11/2023 1 07/11/2023 MONOGRAPH
          CBU-MAIN LIBRARY, KITWE. CBU-MAIN LIBRARY, KITWE.   07/11/2023   HD 9750 Sur 020471 07/11/2023 2 07/11/2023 MONOGRAPH
          CBU-MAIN LIBRARY, KITWE. CBU-MAIN LIBRARY, KITWE.   07/11/2023   HD 9750 Sur 020470 07/11/2023 3 07/11/2023 MONOGRAPH